000 00524nam a2200193 a 4500
008 951031s1968||||xo 0 slo c
020 _a8085508230
_c16
040 _aSNK
_bslo
_cSNK
_eAACR2
041 1 _aslo
044 _axo
_cSK
080 _a885.4-3
100 1 _aLahola, Leopold
_4aut
245 1 0 _aPosledná vec
_cLeopold Lahola
250 _a1. vyd.
260 _aBratislava
_bSlovenský spisovateľ
_c1968
_e[Žilina]
_fŽilinské tlačiarne
300 _a307 s.
_c19 cm
490 0 _aKnižná edícia
958 _aAUL
999 _c12057
_d12057